Cocoa Producing Countries Quiz Stats

 Plays Quiz Updated Jan 24, 2019

Support Sporcle.
Go Orange.
Score 0/20 Timer 05:00
1 Play Today
Tonnes per year Country % Correct
235,809Brazil
93.5%
56,808Colombia
79.3%
27,827Mexico
77.2%
121,825Peru
74.5%
23,349Venezuela
69.1%
19,000India
64.7%
205,955Ecuador
60.3%
883,652Ghana
53.9%
328,263Nigeria
52.5%
659,776Indonesia
49.6%
Tonnes per year Country % Correct
2,034,000Côte d'Ivoire
44.2%
295,028Cameroon
36.9%
22,522Togo
35.2%
11,803Guatemala
34.7%
11,010Madagascar
29.4%
14,173Haiti
29.2%
14,670Sierra Leone
27.6%
31,312Uganda
26.6%
44,504Papua New Guinea
24.5%
86,599Dominican Republic
23.2%

From the Vault

Three at a Time: US Presidents

by Hejman

History 3m
Seems like having three Presidents at once would lead to a lot of arguments.
Remove Ads.
Support Sporcle.
Get the best of Sporcle when you Go Orange. This ad-free experience offers more features, more stats, and more fun while also helping to support Sporcle. Thank you for becoming a member.

Show Comments

Extras

Top Quizzes Today


Score Distribution

Your Account Isn't Verified!

In order to create a playlist on Sporcle, you need to verify the email address you used during registration. Go to your Sporcle Settings to finish the process.

Report this User

Report this user for behavior that violates our Community Guidelines.

Details: